000 00499cam a2200193ua 4500
020 _a9788127267445
082 _a631.45
_bMAL/IN
100 _aMal, Bimal Chandra .
245 _aIntroduction to soil and water conservation engineering /
260 _aNew Delhi :
_bKalyani Publishers ,
_c1999.
300 _a422 ; .
650 _aDrainage
650 _aIrrigation
650 _aLevelling
650 _aSoil conservation
650 _aSurveying
650 _aWater erosion
942 _cBK
999 _c11252
_d11252